| 000 | 00451nam a2200181Ia 4500 | ||
|---|---|---|---|
| 001 | 15327 | ||
| 005 | 20260306170148.0 | ||
| 008 | 260306t2013||||xx |||||||||||||| ||und|| | ||
| 041 | _aESP | ||
| 082 |
_a531.3 _bK55 |
||
| 100 |
_aKim, Phil, _eAUT |
||
| 245 | 0 |
_aRigid body dynamics for beginners : _beuler angles & quaterniosn |
|
| 260 | _c2013 | ||
| 300 |
_a174 páginas : _c23 cm. |
||
| 650 | _aGEN | ||
| 654 | _aCCN | ||
| 942 |
_cLIB _dJUS _fJUS _2ddc _n |
||
| 999 |
_c15327 _d15327 |
||